| 000 | 00670nam a2200193Ia 4500 | ||
|---|---|---|---|
| 003 | GCL | ||
| 008 | 140319s9999 xx 000 0 ara d | ||
| 040 |
_aGCL / _cGCL |
||
| 082 | 0 | 4 |
_a216.3 _bم ن |
| 100 | 1 | _aمحمد على قطب | |
| 245 | 1 | 0 |
_aنظام الاسلام السياسى / _cمحمد على قطب |
| 260 |
_a[S.N] : _bدار الوفاء للطباعة والنشر والتوزيع ، _c1986 |
||
| 300 | _a48 ص | ||
| 490 |
_aنحو عقلية اسلامية واعية _v0 |
||
| 650 | 0 | 4 | _aالاسلام |
| 650 | 0 | 4 | _aالاسلام والاصلاح السياسى |
| 650 | 0 | 4 | _aالنظام السياسى فى الاسلام |
| 942 |
_2ddc _cBK |
||
| 999 |
_c29725 _d29725 |
||